000 00734cam a22002533a 4500
001 8578
003 PGUSA
005 20140828083202.0
008 050701s2005||||xxu|||||s|||||000 1 eng d
040 _aPGUSA
_beng
042 _adc
050 4 _aPG
100 1 _aDostoyevsky, Fyodor,
_d1821-1881
245 1 4 _aThe Grand Inquisitor
_h[electronic resource] /
_cFyodor Dostoyevsky
260 _bProject Gutenberg,
_c2005
506 _aPublic domain in the USA.
516 _aElectronic text
653 _aChristian fiction
653 _aJesus Christ -- Fiction
700 1 _aBlavatsky, H. P.
_q(Helena Petrovna),
_d1831-1891
830 0 _aProject Gutenberg
_v8578
856 4 0 _uhttp://www.gutenberg.org/ebooks/8578
942 _cEB
999 _c237878
_d237878